Missing Words in Country Names - Statistics

General Stats
  • This quiz has been taken 1,962 times
    725 since last reset
  • The average score is 30 of 37
Answer Stats
Answer % Correct
Costa {Rica}
99%
Dominican {Republic}
98%
{United} States of America
98%
El {Salvador}
97%
Saudi {Arabia}
95%
{New} Zealand
94%
{Sri} Lanka
94%
{Trinidad} and Tobago
94%
Vatican {City}
94%
{Bosnia} and Herzegovina
92%
Democratic Republic of the {Congo}
92%
South {Africa}
92%
North {Korea}
91%
San {Marino}
91%
Sierra {Leone}
91%
United Arab {Emirates}
91%
Republic of {North} Macedonia
90%
{Burkina} Faso
89%
Equatorial {Guinea}
89%
South {Sudan}
89%
{Central} African Republic
88%
{Papua} New Guinea
87%
Saint {Lucia}
87%
Antigua and {Barbuda}
84%
Saint Kitts and {Nevis}
83%
Saint {Vincent} and the Grenadines
83%
{Marshall} Islands
80%
{Solomon} Islands
80%
São Tomé and {Principe}
78%
Cabo {Verde}
68%
Côte d'{Ivoire}
68%
Timor-{Leste}
68%
{Federated} States of Micronesia
61%
United Kingdom of {Great} {Britain} {and} {Northern} {Ireland}
40%
Co‑operative Republic of {Guyana}
38%
{Bolivarian} Republic of Venezuela
14%
{Oriental} Republic of Uruguay
12%
No matching quizzes found
Score Distribution
Percent of People with Each Score
Percentile by Number Answered
Your Score History
You have not taken this quiz since the last reset